000 03460nam0a2200445 4500
001 RU\NLR\BIBL_A\012838451
005 20230418155714.0
010 _a978-5-91255-354-7
_9250
021 _aRU
_bКН-П-22-024259
_9КН-П-22-2073
035 _a(NLR Aleph) 012838451
035 _a(RuMoRGB)011045976
090 _a12387536
_c12387536
100 _a20220704d2022 k y0rusy50 ca
101 0 _arus
102 _aRU
105 _aach z 000zy
181 0 _ai
_baxxe
182 0 _an
200 1 _aОхрана рубежей России
_eмонография
_eдля высших учебных заведений, кадетских корпусов и классов СОШ, исторического образования и патриотического воспитания молодежи
_fА. Е. Стефанов
_gРОО ООО "Российский союз ветеранов Афганистана"
203 _aТекст
_bвизуальный
_cнепосредственный
210 _aРязань
_cРязанская областная типография
_d2022
215 _a1219 с.
_cил., цв. ил., портр., факс.
_d21
300 _aНа обороте тит. с. авт.: Стефанов А. Е., полк. в отставке погранич. службы ФСБ России, доц.
330 _aАвтор при изложении материала в данном издании исходит из того, с каждым годом знания по истории России и правоведению становятся все хуже и хуже. Молодое поколение имеет слабое представление о: Древней Руси. Русско-японской и первой мировой войне. Боевых действиях у озера Хасан и реки Халхин-Гол. Основных, решающих, переломных этапах ВОВ и послевоенных вооруженных конфликтах, в том числе на наших границах. Подвигах и достижениях пограничников-чекистов в разные периоды отечественной истории. Сопредельных государствах и прохождении границы
601 0 1 _aРоссия
_bПограничная стража
_xИстория
_2nlr_sh2
_3RU\NLR\AUTH\661541414
601 0 1 _aСССР
_bПограничные войска
_xИстория
_2nlr_sh2
_3RU\NLR\AUTH\661522376
601 0 1 _aРоссийская Федерация
_bПограничные войска
_2nlr_sh2
_3RU\NLR\AUTH\661522381
606 1 _aГраницы государственные
_xОхрана
_yРоссия
_2nlr_sh2
_3RU\NLR\AUTH\661475808
675 _a351.746(47+57)(091)
_v4
686 1 _aХ819(2)112.038
686 1 _aЦ68,8(2)1-1
686 1 _aЦ68,6(2)1-1
700 1 _aСтефанов
_bА. Е.
_f1947-
_gАлексей Егорович
856 4 _lVNP_SKP
_tVIEW
_uhttps://webservices.nlr.ru/viewer/file?name=a012838451_002.txt
_yАннотация
856 4 1 _lVNP_SKP
_tVIEW
_uhttps://webservices.nlr.ru/viewer/file?name=t012838451_001.jpg
_yОбложка
942 _cBOOK
980 4 _aVNP_SKP
980 _aNB